Bohaterowie serialu Świat Według Kiepskich - Statystyki

Ogólne statystyki
  • Ten quiz został rozwiązany 489 razy
  • Średni wynik to 8 z 15
Statystyki odpowiedzi
Podpowiedź Odpowiedź (imię i nazwisko) lub (pseudonim) % Poprawnych
rodzina Kiepskich Ferdynand Kiepski
93%
rodzina Paździochów Marian Paździoch
88%
rodzina Kiepskich Halina Kiepska
87%
rodzina Kiepskich Waldemar Kiepski
85%
sąsiad Arnold Boczek
84%
rodzina Kiepskich Mariola Kiepska
82%
rodzina Paździochów Helena Paździoch
81%
rodzina Kiepskich Rozalia Kiepska
58%
rodzina Kiepskich Jolanta Kiepska
46%
prezes Andrzej Kozłowski
41%
rodzina Paździochów Janusz Paździoch
31%
piwo Kazimierz Badura
20%
dawny bohater Listonosz Edzio
20%
Mariola i ... Mikołaj Kopernik
19%
sklep Zofia Malinowska
9%
Nie znaleziono quizów pasujących do podanych kryteriów
Rozkład punktacji
Procent ludzi z każdym wynikiem
Percentyl według liczby udzielonych odpowiedzi
Twoja historia wyników
Nie rozwiązałeś tego quizu